Իրավագիտության ֆակուլտետը 80 տարեկան է / (Record no. 463109)
[ view plain ]
| 000 -LEADER | |
|---|---|
| fixed length control field | 01145nam a2200229 a 4500 |
| 001 - CONTROL NUMBER | |
| control field | 001132806 |
| 003 - CONTROL NUMBER IDENTIFIER | |
| control field | AM-YEHGA |
| 005 - DATE AND TIME OF LATEST TRANSACTION | |
| control field | 20250618075435.0 |
| 008 - FIXED-LENGTH DATA ELEMENTS--GENERAL INFORMATION | |
| fixed length control field | 160302s2013 ai ||||fr||||||00|0|arm|d |
| 040 ## - CATALOGING SOURCE | |
| Original cataloging agency | AM-YeHGA |
| 041 0# - LANGUAGE CODE | |
| Language code of text/sound track or separate title | arm |
| 090 ## - LOCALLY ASSIGNED LC-TYPE CALL NUMBER (OCLC); LOCAL CALL NUMBER (RLIN) | |
| -- | 466293 |
| 110 2# - MAIN ENTRY--CORPORATE NAME | |
| Corporate name or jurisdiction name as entry element | Երևանի պետական համալսարան |
| 245 10 - TITLE STATEMENT | |
| Title | Իրավագիտության ֆակուլտետը 80 տարեկան է / |
| Statement of responsibility, etc. | Կազմող՝ Ա.Գ.Վաղարշյան; Տ.Ա. Դավթյան; խմբագիր և առաջաբան՝ Գ.Ս. Ղազինյան ; Երևանի պետական համալսարան. |
| 260 ## - PUBLICATION, DISTRIBUTION, ETC. | |
| Place of publication, distribution, etc. | Երևան : |
| Name of publisher, distributor, etc. | ԵՊՀ հրատարակչություն, |
| Date of publication, distribution, etc. | 2013. |
| 300 ## - PHYSICAL DESCRIPTION | |
| Extent | 100 էջ ; |
| Dimensions | 20 սմ. |
| 610 24 - SUBJECT ADDED ENTRY--CORPORATE NAME | |
| Corporate name or jurisdiction name as entry element | Երևանի պետական համալսարան |
| Subordinate unit | Իրավագիտության ֆակուլտետ |
| 650 14 - SUBJECT ADDED ENTRY--TOPICAL TERM | |
| Topical term or geographic name entry element | Բարձրագույն ուսումնական հաստատություններ |
| 700 1# - ADDED ENTRY--PERSONAL NAME | |
| Personal name | Վաղարշյան, Ա.Գ |
| Relator term | կազմող |
| Relationship | com |
| 700 1# - ADDED ENTRY--PERSONAL NAME | |
| Personal name | Դավթյան, Տ.Ա. |
| Relator term | կազմող |
| Relationship | com |
| 700 1# - ADDED ENTRY--PERSONAL NAME | |
| Personal name | Ղազինյան, Գագիկ Սերգեյի, |
| Dates associated with a name | 1955- |
| Relator term | խմբագիր և առաջաբան |
| Relationship | edt |
| -- | aui |
| 9 (RLIN) | 3303 |
| Withdrawn status | Lost status | Source of classification or shelving scheme | Damaged status | Not for loan | Collection | Home library | Current library | Date acquired | Total checkouts | Full call number | Barcode | Date last seen | Price effective from | Koha item type | Public note |
|---|---|---|---|---|---|---|---|---|---|---|---|---|---|---|---|
| Universal Decimal Classification | General | Fundamental Scientific Library | Fundamental Scientific Library | 23/01/2018 | AII/103313 | FL0471632 | 23/01/2018 | 23/01/2018 | Գրքեր / Books | 30 Days Loan | |||||
| General | Fundamental Scientific Library | Fundamental Scientific Library | 10/08/2021 | AII/107593 | FL0656346 | 10/08/2021 | 10/08/2021 | Գրքեր / Books | 30 Days Loan |
ՀՀ Գիտությունների ազգային ակադեմիայի հիմնարար գիտական գրադարան = Fundamental Scientific Library of NAS RA
All site content, except where otherwise noted, is licensed under a